Liderzy Premier League 2021/2022 - Statystyki

Ogólne statystyki
  • Ten quiz został rozwiązany 26 razy
  • Średni wynik to 4 z 6
Statystyki odpowiedzi
Kolejka Klub % Poprawnych
5, 7-14 Chelsea
100%
15-38 Manchester City
100%
1,4 Manchester United
100%
6 Liverpool
96%
2 West Ham United
24%
3 Tottenham Hotspur
8%
Nie znaleziono quizów pasujących do podanych kryteriów
Rozkład punktacji
Procent ludzi z każdym wynikiem
Percentyl według liczby udzielonych odpowiedzi
Twoja historia wyników
Nie rozwiązałeś tego quizu